<?xml version="1.0" encoding="UTF-8"?>
<marc:record xmlns:marc="http://www.loc.gov/MARC21/slim">
   <marc:leader>00000nam a2200000 a 4500</marc:leader>
   <marc:datafield ind1="1" ind2=" " tag="100">
      <marc:subfield code="a">Evensberget, Snorre</marc:subfield>
      <marc:subfield code="4">ctb</marc:subfield>
      <marc:subfield code="e">Mitwirkende/-r</marc:subfield>
   </marc:datafield>
   <marc:datafield ind1=" " ind2=" " tag="653">
      <marc:subfield code="a">Softcover / Reiseführer/Europa</marc:subfield>
   </marc:datafield>
   <marc:datafield ind1=" " ind2=" " tag="653">
      <marc:subfield code="a">Führer</marc:subfield>
   </marc:datafield>
   <marc:datafield ind1="0" ind2="0" tag="245">
      <marc:subfield code="a">Norwegen</marc:subfield>
   </marc:datafield>
   <marc:datafield ind1="0" ind2="0" tag="245">
      <marc:subfield code="c">Hauptautor: Snorre Evensberget. [Texte Snorre Evensberget ... Übers. Linde Wiesner. Red. Petra Kühner ; Bernhard Lück</marc:subfield>
   </marc:datafield>
   <marc:datafield ind1=" " ind2="1" tag="264">
      <marc:subfield code="a">München</marc:subfield>
      <marc:subfield code="b">Dorling Kindersley</marc:subfield>
      <marc:subfield code="c">2012</marc:subfield>
   </marc:datafield>
   <marc:datafield ind1="1" ind2=" " tag="490">
      <marc:subfield code="a">Vis-à-vis</marc:subfield>
   </marc:datafield>
   <marc:datafield ind1=" " ind2=" " tag="250">
      <marc:subfield code="a">Aktualisierte Neuaufl. 2012/2013</marc:subfield>
   </marc:datafield>
   <marc:datafield ind1="1" ind2=" " tag="520">
      <marc:subfield code="a">Angaben aus der Verlagsmeldung

Vis-à-Vis Norwegen

Als ganzjähriges Paradies für Naturliebhaber gehört Norwegen längst zu den Klassikern unter den skandinavischen Reisezielen. Von der lebendigen Metropole Oslo bis zur einsamen Fjordlandschaft im hohen Norden: Der Vis-à-Vis-Reiseführer Norwegen stellt jede einzelne Region mit ihren landschaftlichen und kulturellen Besonderheiten vor. Routenübersichten machen eine individuelle Reiseplanung möglich. Ski fahren, River Rafting oder Wandern gehören zum Norwegenurlaub ebenso dazu wie die Walsafari, ein Ausflug ins Museum für Wikingerschiffe oder einfach Erholung in unberührter Natur. Alles Wichtige erfährt der Urlauber beim Durchstöbern der zahlreichen praktischen Informationen, Tipps und Adressen.
</marc:subfield>
   </marc:datafield>
   <marc:datafield ind1=" " ind2=" " tag="020">
      <marc:subfield code="a">9783831020591</marc:subfield>
      <marc:subfield code="9">9783831020591</marc:subfield>
   </marc:datafield>
   <marc:datafield ind1=" " ind2=" " tag="020">
      <marc:subfield code="a">3831020590</marc:subfield>
      <marc:subfield code="9">3831020590</marc:subfield>
   </marc:datafield>
   <marc:datafield ind1=" " ind2=" " tag="041">
      <marc:subfield code="a">ger</marc:subfield>
   </marc:datafield>
   <marc:datafield ind1=" " ind2=" " tag="300">
      <marc:subfield code="a">304 S.</marc:subfield>
   </marc:datafield>
</marc:record>
